[Event "2024 National Elementary (K-6) Championship"]
[Site "Columbus, Ohio, United States"]
[Date "????.??.??"]
[Round "1.20"]
[White "Shlisky, Reed"]
[Black "Jani, Aakash"]
[Result "0-1"]
[TimeControl "G/90; d10"]
[BlackFideId "30996163"]
[WhiteElo "1151"]
[BlackElo "1920"]

1. e4 {[%clk 01:28:50]} {[%emt 00:01:17]} e5 {[%clk 01:30:00]} {[%emt
00:00:08]} 2. Nf3 {[%clk 01:28:50]} {[%emt 00:00:06]} Nc6 {[%clk 01:30:00]}
{[%emt 00:00:08]} 3. d4 {[%clk 01:28:50]} {[%emt 00:00:04]} exd4 {[%clk
01:29:33]} {[%emt 00:00:38]} 4. Nxd4 {[%clk 01:28:48]} {[%emt 00:00:12]} Nf6
{[%clk 01:29:29]} {[%emt 00:00:15]} 5. Nc3 {[%clk 01:28:46]} {[%emt 00:00:12]}
Bb4 {[%clk 01:29:17]} {[%emt 00:00:20]} 6. Nxc6 {[%clk 01:28:46]} {[%emt
00:00:11]} bxc6 {[%clk 01:28:45]} {[%emt 00:00:42]} 7. Bd3 {[%clk 01:28:46]}
{[%emt 00:00:09]} O-O {[%clk 01:28:11]} {[%emt 00:00:43]} 8. Bg5 {[%clk
01:28:46]} {[%emt 00:00:04]} h6 {[%clk 01:26:46]} {[%emt 00:01:35]} 9. Bh4
{[%clk 01:28:24]} {[%emt 00:00:31]} Re8 {[%clk 01:23:40]} {[%emt 00:03:17]} 10.
O-O {[%emt 00:00:49]} d6 {[%clk 01:21:54]} {[%emt 00:01:26]} 11. a3 {[%clk
01:27:57]} {[%emt 00:00:29]} Bxc3 {[%clk 01:20:53]} {[%emt 00:01:10]} 12. bxc3
{[%clk 01:26:47]} {[%emt 00:01:20]} g5 {[%clk 01:19:24]} {[%emt 00:01:39]} 13.
Bg3 {[%clk 01:25:20]} {[%emt 00:01:36]} Nxe4 {[%clk 01:18:00]} {[%emt
00:01:35]} 14. Bxe4 {[%clk 01:25:00]} {[%emt 00:00:30]} Rxe4 {[%emt 00:03:06]}
15. Qd3 {[%clk 01:22:03]} {[%emt 00:00:24]} Bf5 {[%emt 00:01:58]} 16. Qf3
{[%clk 01:20:34]} {[%emt 00:00:13]} Bg6 {[%emt 00:01:24]} 17. Rfe1 {[%emt
00:02:28]} d5 {[%emt 00:00:54]} 18. Rxe4 {[%clk 01:18:09]} {[%emt 00:00:40]}
Bxe4 {[%emt 00:01:08]} 19. Qe2 {[%emt 00:01:55]} Qf6 {[%clk 01:14:04]} {[%emt
00:00:22]} 20. Qa6 {[%clk 01:13:23]} {[%emt 00:03:01]} Qxc3 {[%clk 01:12:44]}
{[%emt 00:01:27]} 21. Rf1 {[%clk 01:12:43]} {[%emt 00:01:07]} Bxc2 {[%emt
00:01:48]} 22. Qb7 {[%clk 01:11:10]} {[%emt 00:00:34]} Re8 {[%clk 01:12:16]}
{[%emt 00:00:15]} 23. h3 {[%clk 01:10:29]} {[%emt 00:00:52]} Bd3 {[%clk
01:11:47]} {[%emt 00:00:39]} 24. Rd1 {[%clk 01:09:04]} {[%emt 00:01:35]} Bc2
{[%emt 00:04:47]} 25. Rc1 {[%clk 01:06:00]} {[%emt 00:00:30]} d4 {[%emt
00:00:34]} 26. Qxc7 {[%clk 01:02:07]} {[%emt 00:03:41]} d3 {[%clk 01:09:11]}
{[%emt 00:00:50]} 27. Qd7 {[%emt 00:05:15]} Re1+ {[%emt 00:00:46]} 28. Rxe1
{[%clk 01:01:11]} {[%emt 00:00:04]} Qxe1+ {[%clk 01:04:32]} {[%emt 00:00:08]}
29. Kh2 {[%clk 01:01:02]} {[%emt 00:00:16]} d2 {[%clk 01:04:10]} {[%emt
00:00:34]} 30. Qxa7 {[%clk 01:00:19]} {[%emt 00:00:53]} d1=Q {[%clk 01:03:30]}
{[%emt 00:00:51]} 31. Qb8+ {[%clk 01:00:10]} {[%emt 00:00:19]} Kh7 {[%clk
01:03:30]} {[%emt 00:00:06]} 32. Be5 {[%clk 00:59:03]} {[%emt 00:01:18]} Qh1+
{[%clk 01:03:27]} {[%emt 00:00:12]} 33. Kg3 {[%clk 00:58:50]} {[%emt 00:00:19]}
Qd3+ {[%clk 01:03:27]} {[%emt 00:00:14]} 34. f3 {[%emt 00:02:50]} Qe1+ {[%clk
01:01:17]} {[%emt 00:00:14]} 35. Kg4 {[%clk 00:58:10]} {[%emt 00:00:16]} Qh4#
{[%clk 01:01:14]} {[%emt 00:00:13]} 0-1

[Event "2024 National Elementary (K-6) Championship"]
[Site "Columbus, Ohio, United States"]
[Date "????.??.??"]
[Round "1.21"]
[White "Gu, Hardy"]
[Black "Rajendran, Milan"]
[Result "1-0"]
[TimeControl "G/90; d10"]
[WhiteFideId "39941876"]
[BlackFideId "39916448"]
[WhiteElo "1892"]
[BlackElo "1150"]

1. d4 {[%clk 01:30:00]} {[%emt 00:53:48]} d5 {[%clk 01:30:00]} {[%emt
00:00:07]} 2. Bf4 {[%clk 01:30:00]} {[%emt 00:00:04]} Nf6 {[%clk 01:30:00]}
{[%emt 00:00:10]} 3. Nf3 {[%clk 01:30:00]} {[%emt 00:00:03]} Bf5 {[%clk
01:29:23]} {[%emt 00:00:47]} 4. e3 {[%clk 01:30:00]} {[%emt 00:00:04]} e6
{[%clk 01:28:53]} {[%emt 00:00:39]} 5. Be2 {[%clk 01:30:00]} {[%emt 00:00:08]}
Be7 {[%clk 01:27:51]} {[%emt 00:01:12]} 6. O-O {[%clk 01:29:58]} {[%emt
00:00:13]} O-O {[%clk 01:27:02]} {[%emt 00:00:59]} 7. c4 {[%clk 01:29:41]}
{[%emt 00:00:27]} c6 {[%clk 01:27:00]} {[%emt 00:00:11]} 8. Nc3 {[%clk
01:29:41]} {[%emt 00:00:03]} Nbd7 {[%clk 01:25:25]} {[%emt 00:01:45]} 9. c5
{[%clk 01:28:52]} {[%emt 00:00:59]} Rc8 {[%clk 01:23:34]} {[%emt 00:02:00]} 10.
b4 {[%clk 01:28:32]} {[%emt 00:00:31]} a6 {[%clk 01:18:23]} {[%emt 00:05:22]}
11. a4 {[%clk 01:28:20]} {[%emt 00:00:22]} Ra8 {[%clk 01:11:59]} {[%emt
00:06:33]} 12. b5 {[%clk 01:27:27]} {[%emt 00:01:04]} Qa5 {[%clk 00:50:32]}
{[%emt 00:21:35]} 13. Rc1 {[%clk 01:25:13]} {[%emt 00:03:31]} axb5 {[%clk
00:41:51]} {[%emt 00:08:06]} 14. axb5 {[%clk 01:25:11]} {[%emt 00:00:12]} Rfc8
{[%clk 00:41:07]} {[%emt 00:00:53]} 15. Qb3 {[%clk 01:23:32]} {[%emt 00:01:49]}
Qa3 {[%clk 00:37:25]} {[%emt 00:03:50]} 16. Qxa3 {[%clk 01:22:39]} {[%emt
00:01:06]} Rxa3 {[%clk 00:37:24]} {[%emt 00:00:12]} 17. b6 {[%clk 01:21:30]}
{[%emt 00:01:18]} Rca8 {[%clk 00:34:03]} {[%emt 00:03:28]} 18. Ne5 {[%clk
01:18:26]} {[%emt 00:03:16]} Nxe5 {[%clk 00:29:47]} {[%emt 00:04:26]} 19. Bxe5
{[%clk 01:18:26]} {[%emt 00:00:10]} Ne4 {[%clk 00:25:29]} {[%emt 00:04:16]} 20.
Nxe4 {[%clk 01:17:38]} {[%emt 00:01:09]} Bxe4 {[%clk 00:25:19]} {[%emt
00:00:21]} 21. Bb5 {[%clk 01:16:32]} {[%emt 00:01:15]} Rb3 {[%clk 00:17:22]}
{[%emt 00:08:05]} 22. Ra1 {[%clk 01:14:34]} {[%emt 00:02:10]} Rc8 {[%clk
00:06:51]} {[%emt 00:10:42]} 23. Be2 {[%clk 01:13:52]} {[%emt 00:00:51]} f6
{[%clk 00:06:07]} {[%emt 00:00:54]} 24. Bg3 {[%clk 01:13:50]} {[%emt 00:00:12]}
e5 {[%clk 00:04:45]} {[%emt 00:01:30]} 25. Ra7 {[%clk 01:12:55]} {[%emt
00:01:06]} Rb8 {[%clk 00:04:35]} {[%emt 00:00:21]} 26. Ba6 {[%clk 01:11:37]}
{[%emt 00:01:29]} bxa6 {[%clk 00:04:35]} {[%emt 00:00:05]} 27. Rxe7 {[%clk
01:11:37]} {[%emt 00:00:04]} Kf8 {[%clk 00:04:10]} {[%emt 00:00:28]} 28. Rc7
{[%clk 01:10:31]} {[%emt 00:01:23]} exd4 {[%clk 00:02:51]} {[%emt 00:01:29]} 29.
exd4 {[%emt 00:01:48]} Re8 {[%clk 00:00:20]} {[%emt 00:02:05]} 30. h3 {[%clk
01:08:43]} {[%emt 00:00:56]} Bd3 {[%clk 00:00:17]} {[%emt 00:00:13]} 31. Ra1
{[%clk 01:08:31]} {[%emt 00:00:18]} Rb4 {[%clk 00:00:04]} {[%emt 00:00:27]} 32.
Rxc6 {[%clk 01:07:55]} {[%emt 00:00:45]} Bb5 {[%clk 00:00:01]} {[%emt
00:00:14]} 33. Rc7 {[%clk 01:07:24]} {[%emt 00:00:41]} Rb8 {[%clk 00:00:01]}
{[%emt 00:00:07]} 34. b7 {[%clk 01:07:07]} {[%emt 00:00:28]} Be8 {[%clk
00:00:01]} {[%emt 00:00:08]} 35. Bd6+ {[%clk 01:07:07]} {[%emt 00:00:07]} Kg8
{[%clk 00:00:01]} {[%emt 00:00:01]} 36. c6 {[%clk 01:06:51]} {[%emt 00:00:27]}
Bxc6 {[%clk 00:00:01]} {[%emt 00:00:03]} 37. Rc8+ {[%clk 01:06:51]} {[%emt
00:00:07]} Kf7 {[%clk 00:00:01]} {[%emt 00:00:06]} 38. Rxb8 {[%clk 01:06:46]}
{[%emt 00:00:16]} Rxb7 {[%clk 00:00:01]} {[%emt 00:00:03]} 39. Rxb7+ {[%clk
01:06:46]} {[%emt 00:00:06]} Bxb7 {[%emt 00:00:02]} 40. Rb1 {[%clk 01:06:46]}
{[%emt 00:00:08]} Bc6 {[%clk 00:00:01]} {[%emt 00:00:02]} 41. Rb6 {[%clk
01:06:46]} {[%emt 00:00:08]} Bb5 {[%clk 00:00:01]} {[%emt 00:00:01]} 42. Rb7+
{[%clk 01:06:46]} {[%emt 00:00:11]} Ke6 {[%clk 00:00:01]} {[%emt 00:00:02]} 43.
Bb4 {[%clk 01:06:46]} {[%emt 00:00:04]} Bd3 {[%clk 00:00:01]} {[%emt 00:00:10]}
44. Rxg7 {[%clk 01:06:46]} {[%emt 00:00:03]} Kf5 {[%clk 00:00:01]} {[%emt
00:00:01]} 45. Rxh7 {[%clk 01:06:36]} {[%emt 00:00:22]} Kg5 {[%clk 00:00:01]}
{[%emt 00:00:03]} 46. Ra7 {[%clk 01:06:36]} {[%emt 00:00:03]} Bb5 {[%clk
00:00:01]} {[%emt 00:00:04]} 47. g4 {[%emt 00:00:08]} Kh4 {[%clk 00:00:01]} 48.
Kg2 {[%clk 01:06:36]} {[%emt 00:00:09]} Kg5 {[%clk 00:00:01]} {[%emt 00:00:02]}
49. Rg7+ {[%clk 01:06:36]} {[%emt 00:00:03]} Kh6 {[%emt 00:00:04]} 50. Bf8
{[%clk 01:06:36]} {[%emt 00:00:04]} Bf1+ {[%clk 00:00:01]} {[%emt 00:00:05]} 51.
Kxf1 {[%clk 01:06:36]} {[%emt 00:00:05]} f5 {[%clk 00:00:01]} {[%emt 00:00:01]}
52. g5+ {[%clk 01:06:35]} {[%emt 00:00:09]} Kh5 {[%clk 00:00:01]} {[%emt
00:00:02]} 53. f4 {[%clk 01:06:35]} {[%emt 00:00:09]} 1-0

[Event "2024 National Elementary (K-6) Championship"]
[Site "Columbus, Ohio, United States"]
[Date "????.??.??"]
[Round "1.22"]
[White "Brinck, Jacob"]
[Black "Singh, Ian Avery"]
[Result "0-1"]
[TimeControl "G/90; d10"]
[BlackFideId "39902676"]
[WhiteElo "1125"]
[BlackElo "1829"]

1. d4 {[%clk 01:30:00]} d5 {[%clk 01:30:00]} {[%emt 00:00:06]} 2. Nf3 {[%clk
01:30:00]} {[%emt 00:00:03]} Nf6 {[%clk 01:30:00]} {[%emt 00:00:06]} 3. Bg5
{[%clk 01:30:00]} {[%emt 00:00:05]} Ne4 {[%clk 01:29:27]} {[%emt 00:00:43]} 4.
Bf4 {[%clk 01:30:00]} {[%emt 00:00:06]} e6 {[%clk 01:28:09]} {[%emt 00:01:28]}
5. Nbd2 {[%clk 01:29:40]} {[%emt 00:00:30]} Nxd2 {[%clk 01:25:28]} {[%emt
00:02:51]} 6. Qxd2 {[%clk 01:29:40]} {[%emt 00:00:07]} Be7 {[%clk 01:25:22]}
{[%emt 00:00:16]} 7. c3 {[%clk 01:29:25]} {[%emt 00:00:25]} Nd7 {[%clk
01:25:11]} {[%emt 00:00:21]} 8. e3 {[%clk 01:29:14]} {[%emt 00:00:21]} Nf6
{[%clk 01:25:10]} {[%emt 00:00:11]} 9. Bg5 {[%clk 01:28:39]} {[%emt 00:00:44]}
Ne4 {[%clk 01:22:26]} {[%emt 00:02:55]} 10. Bxe7 {[%clk 01:28:39]} {[%emt
00:00:10]} Qxe7 {[%clk 01:22:23]} {[%emt 00:00:13]} 11. Qc2 {[%clk 01:28:18]}
{[%emt 00:00:31]} O-O {[%clk 01:20:41]} {[%emt 00:01:53]} 12. Bd3 {[%clk
01:28:17]} {[%emt 00:00:11]} Nf6 {[%clk 01:20:18]} {[%emt 00:00:33]} 13. O-O
{[%clk 01:28:15]} {[%emt 00:00:12]} b6 {[%clk 01:19:46]} {[%emt 00:00:41]} 14.
Rae1 {[%clk 01:27:51]} {[%emt 00:00:33]} Bb7 {[%clk 01:19:26]} {[%emt
00:00:31]} 15. Re2 {[%clk 01:27:37]} {[%emt 00:00:22]} c5 {[%clk 01:17:06]}
{[%emt 00:02:32]} 16. Ree1 {[%clk 01:27:10]} {[%emt 00:00:37]} Ne4 {[%clk
01:16:34]} {[%emt 00:00:42]} 17. c4 {[%clk 01:26:46]} {[%emt 00:00:35]} Rac8
{[%clk 01:14:51]} {[%emt 00:01:52]} 18. b3 {[%clk 01:26:26]} {[%emt 00:00:27]}
h6 {[%clk 01:11:22]} {[%emt 00:03:42]} 19. h3 {[%clk 01:26:23]} {[%emt
00:00:12]} cxd4 {[%clk 01:08:29]} {[%emt 00:03:03]} 20. exd4 {[%clk 01:26:21]}
{[%emt 00:00:13]} Ng5 {[%clk 01:07:35]} {[%emt 00:01:04]} 21. Qe2 {[%clk
01:25:08]} {[%emt 00:01:22]} dxc4 {[%clk 01:07:12]} {[%emt 00:00:34]} 22. Bxc4
{[%clk 01:24:53]} {[%emt 00:00:25]} Bxf3 {[%clk 01:06:50]} {[%emt 00:00:32]} 23.
gxf3 {[%clk 01:23:30]} {[%emt 00:01:32]} Nxh3+ {[%clk 01:06:50]} {[%emt
00:00:10]} 24. Kh2 {[%clk 01:21:09]} {[%emt 00:02:29]} Nf4 {[%clk 01:06:36]}
{[%emt 00:00:25]} 25. Rh1 {[%clk 01:19:17]} {[%emt 00:02:02]} Qh4+ {[%clk
01:06:36]} {[%emt 00:00:07]} 26. Kg1 {[%clk 01:18:54]} {[%emt 00:00:32]} Qg5+
{[%clk 01:06:36]} {[%emt 00:00:03]} 27. Kf1 {[%clk 01:18:00]} {[%emt 00:01:03]}
Qg2# {[%clk 01:06:36]} {[%emt 00:00:04]} 0-1

[Event "2024 National Elementary (K-6) Championship"]
[Site "Columbus, Ohio, United States"]
[Date "????.??.??"]
[Round "1.23"]
[White "Schaefer, Sasha Milo"]
[Black "Li, Stan Siyuan"]
[Result "1-0"]
[TimeControl "G/90; d10"]
[WhiteFideId "39920682"]
[WhiteElo "1843"]
[BlackElo "1131"]

1. e4 {[%clk 01:30:00]} {[%emt 00:00:01]} c5 {[%clk 01:30:00]} {[%emt
00:00:04]} 2. Nf3 {[%clk 01:30:00]} {[%emt 00:00:03]} Nc6 {[%clk 01:30:00]}
{[%emt 00:00:11]} 3. Bb5 {[%clk 01:30:00]} {[%emt 00:00:03]} e6 {[%clk
01:29:38]} {[%emt 00:00:32]} 4. O-O {[%clk 01:30:00]} {[%emt 00:00:04]} Nf6
{[%clk 01:29:25]} {[%emt 00:00:23]} 5. Re1 {[%clk 01:29:54]} {[%emt 00:00:17]}
d5 {[%clk 01:28:52]} {[%emt 00:00:43]} 6. exd5 {[%clk 01:29:22]} {[%emt
00:00:42]} Nxd5 {[%clk 01:28:44]} {[%emt 00:00:18]} 7. d4 {[%clk 01:29:20]}
{[%emt 00:00:12]} cxd4 {[%clk 01:27:50]} {[%emt 00:01:04]} 8. Nxd4 {[%clk
01:29:20]} {[%emt 00:00:07]} Bd7 {[%clk 01:27:42]} {[%emt 00:00:18]} 9. Bxc6
{[%clk 01:28:52]} {[%emt 00:00:38]} bxc6 {[%clk 01:26:40]} {[%emt 00:01:12]} 10.
c4 {[%clk 01:28:11]} {[%emt 00:00:50]} Nb6 {[%clk 01:26:21]} {[%emt 00:00:31]}
11. b3 {[%clk 01:27:16]} {[%emt 00:01:04]} Be7 {[%clk 01:25:39]} {[%emt
00:00:50]} 12. Nc3 {[%clk 01:25:15]} {[%emt 00:02:12]} O-O {[%clk 01:25:21]}
{[%emt 00:00:29]} 13. Bb2 {[%clk 01:24:46]} {[%emt 00:00:39]} Bf6 {[%clk
01:23:07]} {[%emt 00:02:24]} 14. Ne4 {[%clk 01:23:42]} {[%emt 00:01:13]} Be7
{[%clk 01:16:26]} {[%emt 00:06:51]} 15. Qg4 {[%clk 01:21:14]} {[%emt 00:02:37]}
e5 {[%clk 01:14:08]} {[%emt 00:02:30]} 16. Nf5 {[%clk 01:21:01]} {[%emt
00:00:22]} Bxf5 {[%clk 01:06:20]} {[%emt 00:07:58]} 17. Qxf5 {[%clk 01:21:01]}
{[%emt 00:00:04]} Bb4 {[%clk 00:59:54]} {[%emt 00:06:37]} 18. Qxe5 {[%clk
01:16:08]} {[%emt 00:05:03]} f6 {[%clk 00:58:04]} {[%emt 00:02:01]} 19. Qe6+
{[%clk 01:15:20]} {[%emt 00:00:58]} Rf7 {[%clk 00:57:30]} {[%emt 00:00:44]} 20.
Re3 {[%clk 01:14:49]} {[%emt 00:00:40]} Kf8 {[%clk 00:55:58]} {[%emt 00:01:42]}
21. Rf3 {[%clk 01:12:12]} {[%emt 00:02:47]} Qd7 {[%clk 00:50:59]} {[%emt
00:05:11]} 22. Qxd7 {[%clk 01:11:04]} {[%emt 00:01:17]} Nxd7 {[%clk 00:50:59]}
{[%emt 00:00:10]} 23. Rd1 {[%clk 01:10:11]} {[%emt 00:01:02]} Rd8 {[%clk
00:50:17]} {[%emt 00:00:53]} 24. a3 {[%clk 01:06:19]} {[%emt 00:04:02]} Be7
{[%clk 00:48:44]} {[%emt 00:01:43]} 25. Rfd3 {[%clk 01:06:05]} {[%emt
00:00:23]} Ke8 {[%clk 00:47:56]} {[%emt 00:00:58]} 26. Bc3 {[%clk 01:00:38]}
{[%emt 00:05:37]} f5 {[%clk 00:43:11]} {[%emt 00:04:55]} 27. Nd6+ {[%clk
01:00:04]} {[%emt 00:00:45]} Bxd6 {[%clk 00:42:45]} {[%emt 00:00:36]} 28. Rxd6
{[%clk 01:00:04]} {[%emt 00:00:07]} Re7 {[%clk 00:41:34]} {[%emt 00:01:21]} 29.
Rxc6 {[%clk 00:57:50]} {[%emt 00:02:25]} g6 {[%clk 00:38:31]} {[%emt 00:03:13]}
30. Bb4 {[%clk 00:55:30]} {[%emt 00:02:29]} Re2 {[%clk 00:37:28]} {[%emt
00:01:13]} 31. Rcd6 {[%clk 00:54:42]} {[%emt 00:00:58]} Re4 {[%clk 00:34:34]}
{[%emt 00:03:04]} 32. Ba5 {[%clk 00:54:22]} {[%emt 00:00:31]} Rb8 {[%clk
00:32:12]} {[%emt 00:02:31]} 33. Rxd7 {[%clk 00:54:06]} {[%emt 00:00:25]} Rxb3
{[%clk 00:31:51]} {[%emt 00:00:32]} 34. Rxh7 {[%clk 00:53:41]} {[%emt
00:00:34]} Rb8 {[%clk 00:31:13]} {[%emt 00:00:48]} 35. Rh8+ {[%clk 00:53:41]}
{[%emt 00:00:11]} Kf7 {[%clk 00:30:38]} {[%emt 00:00:46]} 36. Rxb8 {[%clk
00:53:41]} {[%emt 00:00:07]} Kf6 {[%clk 00:30:25]} {[%emt 00:00:22]} 37. Bc3+
{[%clk 00:53:36]} {[%emt 00:00:15]} Kg5 {[%clk 00:28:49]} {[%emt 00:01:47]} 38.
Rc8 {[%clk 00:53:23]} {[%emt 00:00:22]} Kh5 {[%clk 00:28:26]} {[%emt 00:00:33]}
39. h4 {[%clk 00:53:16]} {[%emt 00:00:16]} Kxh4 {[%clk 00:28:14]} {[%emt
00:00:23]} 40. Rd4 {[%clk 00:53:16]} {[%emt 00:00:06]} Rxd4 {[%clk 00:27:22]}
{[%emt 00:01:01]} 41. Bxd4 {[%clk 00:52:54]} {[%emt 00:00:32]} Kg5 {[%clk
00:27:09]} {[%emt 00:00:23]} 42. c5 {[%clk 00:52:54]} {[%emt 00:00:06]} Kg4
{[%clk 00:26:17]} {[%emt 00:01:02]} 43. c6 {[%emt 00:00:25]} Kg5 {[%clk
00:26:06]} 44. c7 {[%clk 00:52:54]} {[%emt 00:00:04]} Kg4 {[%clk 00:25:54]}
{[%emt 00:00:22]} 45. Re8 {[%clk 00:52:54]} {[%emt 00:00:05]} Kf4 {[%clk
00:25:13]} {[%emt 00:00:51]} 46. c8=Q {[%clk 00:52:28]} {[%emt 00:00:35]} Kg5
{[%clk 00:25:00]} {[%emt 00:00:24]} 47. f4+ {[%clk 00:52:28]} {[%emt 00:00:08]}
Kg4 {[%clk 00:24:53]} {[%emt 00:00:16]} 48. Qe6 {[%clk 00:52:28]} {[%emt
00:00:07]} Kh5 {[%clk 00:24:16]} {[%emt 00:00:48]} 49. Qe2+ {[%clk 00:52:28]}
{[%emt 00:00:08]} Kh4 {[%clk 00:23:47]} {[%emt 00:00:39]} 50. Bf2# {[%clk
00:52:28]} {[%emt 00:00:07]} 1-0